000 00627nam a22002417a 4500
003 UA-OsUOA
001 26474
007 ta
008 20040603b un ||||| |||| 00| 0 ukr d
100 _aМиннарт М.
090 _a52(07)
_bМ62
942 _cBK
040 _aUA-OsUOA
_brus
_cUA-OsUOA
_dUA-OsUOA
245 _aПрактическая астрономия.
_bПрактические задачи по общей астрономии.
300 _a240 с.
955 _a0
041 _arus
080 _a52(07)
260 _aМосква
_bМир
_c1971
044 _aRU
650 7 _2UDC
999 _c312799
_d312799